000 00631cam a22002171 4500
001 sa 68013039
003 DLC
005 20260227112619.0
008 940331s1965 io ac 000 0 ind
010 _asa 68013039
025 _aPL480:Indo-3540
035 _a(OCoLC)30063143
040 _aDLC
_cCU
_dDLC
042 _apremarc
050 0 0 _aPL5089.P3
_bK5 1965
100 1 _aPane, Armijn,
_d1908-1970.
245 1 0 _aKisah antara manusia;
_bkumpulan tjerita-tjerita pendek. Dihiasi 5 gambar dalam oleh Wijsnu S.
250 _aTjet. 2.
260 _aDjakarta,
_bBalai Pustaka,
_c1965.
300 _a199 p.
_billus., port.
_c20 cm.
999 _c84907
_d84907